|
|
|
|
| LEADER |
00000nam a2200000 4500 |
| 001 |
vtls012078520 |
| 003 |
SK-MaSNL |
| 005 |
20260301104403.0 |
| 008 |
211124s1598 fr a f 00000 lat |
| 015 |
|
|
|a SNBHFA
|
| 040 |
|
|
|a SNK
|b slo
|c SNK
|e rda
|
| 041 |
0 |
|
|a lat
|
| 044 |
|
|
|a fr
|c FR
|
| 072 |
|
7 |
|a 27-46/-48
|x Pastorálna teológia
|2 konspekt
|
| 072 |
|
7 |
|a 2
|x Náboženstvo
|2 konspekt
|
| 080 |
|
|
|a 2-475.2
|2 2011
|
| 080 |
|
|
|a 27-475.2
|2 2011
|
| 100 |
0 |
|
|a Luis de Granada,
|d 1504-1588
|4 aut
|9 140419
|
| 245 |
1 |
0 |
|a Qvinqve Conciones De Poenitentia, Habitae In Qvadragesima, Post Meridiem: In Qvibvs primùm quidem exhortatio ad poenitentiam continetur: deinde qua ratione vera poenitentia et peccatorum confessio agenda sit, traditur
|c Avctore Eodem R. P. F. Lvdovico Granatensi, Monacho Dominicano
|
| 264 |
|
1 |
|a Lvgdvni
|b Svmtibvs Alexandri De Villenevfve
|c M. D. XCVIII (1598)]
|
| 300 |
|
|
|a 103 strán
|c 17,5 cm
|
| 336 |
|
|
|a text
|b txt
|2 rdacontent
|
| 337 |
|
|
|a bez média
|b n
|2 rdamedia
|
| 338 |
|
|
|a zväzok
|b nc
|2 rdacarrier
|
| 500 |
|
|
|a Tlač na titulnom liste červeno-čierna, signet, iniciálky s figurálnym pozadím v rámčeku na 5 riadkov, kustody
|
| 501 |
|
|
|a Príväzok 1. k: LUIS DE GRANADA. ... Secvndvs Tomvs Concionvm De Tempore, Qvae Quartis, et Sextis feriis, et diebus Dominicis Quadragesimae in Ecclesia haberi solent: ... Lvgdvni : Svmtibvs Alexandri De Villenevfve,M. D. XCVIII (1598)].
|5 SNK ID 93273/2
|
| 504 |
|
|
|a Tlačené marginálie
|
| 508 |
|
|
|a Predslov
|
| 546 |
|
|
|a Latinský text
|b Antikva
|b Kurzíva
|
| 563 |
|
|
|a Väzba: pergamenová, stopy po šnúrkach.
|5 SNK ID 93273/2
|
| 650 |
0 |
7 |
|a homiletika
|2 SNKPH
|9 1812
|
| 655 |
|
7 |
|a postily
|2 SNKPH
|9 370777
|
| 700 |
1 |
|
|a Villeneuve, Alexander de
|4 pbl
|9 126358
|
| 752 |
|
|
|a Francúzsko
|d Lyon
|
| 852 |
|
|
|a snk
|b Historické fondy
|p ID 93273/2/prív.1
|
| 958 |
|
|
|a ONDV
|
| 958 |
|
|
|a DA
|
| 999 |
|
|
|c 697995
|d 699925
|
| 952 |
|
|
|t Tlače 16. stor.
|a SNK
|b SNK
|c SNK_HF
|y PREZ
|7 0
|p 17A1398632
|o snkID 93273/2/prív.1
|i snkF 1264/92
|8 5
|0 0
|1 0
|4 0
|d 2021-11-24
|f 1
|l 0
|r 2026-02-23 20:47:57
|w 2026-02-23
|